[Event "Moscow op-C"]
[Site "Moscow"]
[Date "2015.02.02"]
[Round "3"]
[White "Apryshko, Gleb"]
[Black "Dikarev, Oleg"]
[Result "1-0"]
[WhiteElo "2287"]
[BlackElo "2188"]
[PlyCount "74"]
[EventDate "2015.01.31"]
[EventType "swiss"]
[EventRounds "9"]
[EventCountry "RUS"]
[SourceTitle "CBM 164 Extra"]
[Source "ChessBase"]
[SourceDate "2015.03.02"]
[SourceVersion "1"]
[SourceVersionDate "2015.03.02"]
[SourceQuality "1"]

1. e4 d6 2. d4 Nf6 3. Nc3 e5 4. dxe5 dxe5 5. Qxd8+ Kxd8 6. Bg5 c6 7. Bc4 Be6 8. Bxe6 fxe6 9. 0-0-0+ Nbd7 10. f4 Ke8 11. f5 Bb4 12. Nf3 Ke7 13. Ne2 Bd6 14. Ng3 Bc7 15. Rd2 Rad8 16. Rhd1 Rhg8 17. Nh5 Nc5 18. Rxd8 Bxd8 19. Nxe5 Bc7 20. b4 Bxe5 21. bxc5 exf5 22. exf5 Kf7 23. Bxf6 gxf6 24. Rd7+ Kf8 25. g3 Rg5 26. Nf4 Bxf4+ 27. gxf4 Rxf5 28. Rxb7 h5 29. Rxa7 Rxc5 30. a4 Rc4 31. Kb2 Rxf4 32. Kb3 Rf3+ 33. c3 Rh3 34. a5 Rxh2 35. a6 Rh1 36. Rb7 Rb1+ 37. Ka2 Ke8 1-0

[Event "RUS-chT U20"]
[Site "Kolomna"]
[Date "2014.08.08"]
[Round "7"]
[White "Dikarev, Oleg"]
[Black "Khanin, Semen"]
[Result "0-1"]
[WhiteElo "2111"]
[BlackElo "2317"]
[PlyCount "73"]
[EventDate "2014.08.02"]
[EventType "swiss"]
[EventRounds "9"]
[EventCountry "RUS"]
[SourceTitle "EXT 2016"]
[Source "ChessBase"]
[SourceDate "2015.10.08"]
[SourceVersion "1"]
[SourceVersionDate "2015.10.08"]
[SourceQuality "1"]

1. e4 c5 2. Nf3 e6 3. c4 Nc6 4. Nc3 Nd4 5. Nxd4 cxd4 6. Ne2 e5 7. a3 h5 8. d3 b5 9. Bd2 bxc4 10. dxc4 a5 11. Nc1 Bb7 12. Bd3 Qb6 13. 0-0 Nf6 14. f3 Be7 15. Rb1 a4 16. Na2 0-0 17. Nb4 d6 18. Qe2 g6 19. Kh1 Nd7 20. g4 hxg4 21. fxg4 Qd8 22. Rf3 Bg5 23. Rbf1 Kg7 24. Qf2 Bxd2 25. Qxd2 f6 26. Kg2 Qe7 27. Nd5 Bxd5 28. cxd5 Rab8 29. h4 Rb3 30. Bb1 Rxf3 31. Rxf3 Rb8 32. Rh3 Nc5 33. g5 fxg5 34. hxg5 Rb3 35. Qf2 Qxg5+ 36. Kh2 Rxh3+ 37. Kxh3 0-1

[Event "RUS-chT U20"]
[Site "Kolomna"]
[Date "2014.08.05"]
[Round "4"]
[White "Gusarov, Aleksey"]
[Black "Dikarev, Oleg"]
[Result "0-1"]
[WhiteElo "2100"]
[BlackElo "2111"]
[PlyCount "126"]
[EventDate "2014.08.02"]
[EventType "swiss"]
[EventRounds "9"]
[EventCountry "RUS"]
[SourceTitle "EXT 2016"]
[Source "ChessBase"]
[SourceDate "2015.10.08"]
[SourceVersion "1"]
[SourceVersionDate "2015.10.08"]
[SourceQuality "1"]

1. e4 d6 2. d4 Nf6 3. Nc3 e5 4. dxe5 dxe5 5. Qxd8+ Kxd8 6. Bg5 c6 7. 0-0-0+ Ke8 8. Nf3 Nbd7 9. a3 Bc5 10. Bh4 Bb6 11. Bc4 Bc7 12. g4 h6 13. h3 b5 14. Bd3 Nh7 15. Bg3 Nhf8 16. Nh4 Ne6 17. Ne2 g6 18. Ng2 Ke7 19. f4 exf4 20. Ngxf4 Nxf4 21. Nxf4 Be5 22. Rhf1 Rg8 23. Rf3 f6 24. Bf2 a6 25. Bf1 Bb7 26. Nd3 Rad8 27. Nxe5 Nxe5 28. Bc5+ Ke6 29. Rc3 Rxd1+ 30. Kxd1 Rd8+ 31. Ke1 Bc8 32. Bb6 Rh8 33. Be2 Bd7 34. Kf2 Kf7 35. a4 Rb8 36. Bc7 Rb7 37. Bd6 Ke6 38. Bf8 g5 39. axb5 axb5 40. Bc5 Be8 41. Ra3 Nd7 42. Be3 Bg6 43. Bf3 Ne5 44. Ra6 Nxf3 45. Kxf3 Ke5 46. Bd2 Bxe4+ 47. Kf2 Kd5 48. c3 Kc4 49. Ra8 f5 50. Rh8 Rd7 51. Ke1 Rd6 52. gxf5 Bxf5 53. h4 gxh4 54. Rxh6 Rxh6 55. Bxh6 Kb3 56. Kd2 Kxb2 57. Bf4 Kb3 58. Be5 h3 59. Bg3 c5 60. Bd6 b4 61. cxb4 cxb4 62. Kc1 Ka2 63. Be5 b3 0-1

[Event "Tula Region-ch"]
[Site "Tula"]
[Date "2014.03.18"]
[Round "8"]
[White "Loskutov, Sviatoslav"]
[Black "Dikarev, Oleg"]
[Result "1-0"]
[WhiteElo "2287"]
[BlackElo "2134"]
[PlyCount "174"]
[EventDate "2014.03.11"]
[EventType "swiss"]
[EventRounds "9"]
[EventCountry "RUS"]
[SourceTitle "CBM 159 Extra"]
[Source "ChessBase"]
[SourceDate "2014.04.24"]
[SourceVersion "1"]
[SourceVersionDate "2014.04.24"]
[SourceQuality "1"]

1. e4 d6 2. Nf3 Nf6 3. Nc3 e5 4. Bc4 Be7 5. d4 Nbd7 6. 0-0 0-0 7. Qe2 c6 8. a4 a5 9. Rd1 Qc7 10. h3 exd4 11. Nxd4 Ne5 12. Bb3 Re8 13. Bf4 Bf8 14. Bg3 Ng6 15. Re1 Qb6 16. Rad1 d5 17. Qf3 Ne5 18. Bxe5 Rxe5 19. Qg3 Re8 20. e5 Nh5 21. Qf3 Bc5 22. Nde2 Rxe5 23. Ng3 Rxe1+ 24. Rxe1 Nf6 25. Nh5 Nxh5 26. Re8+ Bf8 27. Qxh5 Bg4 28. Rxf8+ Kxf8 29. Qxg4 Re8 30. Ne2 Re4 31. Qf3 Qb4 32. Ng3 Qe1+ 33. Kh2 Re8 34. Qf4 Qe5 35. Qd2 h5 36. f4 Qe1 37. Qxe1 Rxe1 38. Nf5 g6 39. Nd6 Re7 40. Kg1 Rc7 41. c4 Ke7 42. c5 Kd8 43. Kf2 Re7 44. g4 hxg4 45. hxg4 Kc7 46. f5 b6 47. f6 Rd7 48. Bc2 bxc5 49. Nxf7 Rxf7 50. g5 Kd6 51. Kg3 Ke5 52. Bxg6 Rf8 53. Kg4 c4 54. Bh7 d4 55. Kh5 d3 56. Kh6 Rh8 57. Kg7 Rxh7+ 58. Kxh7 d2 59. f7 d1Q 60. f8Q Qh1+ 61. Kg7 Kd4 62. Qd6+ Ke3 63. Qe5+ Kd2 64. Qc3+ Kd1 65. Qxc4 Qg2 66. Qd4+ Kc1 67. g6 Kb1 68. b4 axb4 69. Qxb4+ Ka2 70. Qc4+ Ka3 71. Kf7 Qf3+ 72. Kg8 Qf5 73. Qf7 Qe5 74. Qf3+ Kxa4 75. g7 Qb8+ 76. Kh7 Qh2+ 77. Kg6 Qg1+ 78. Kh6 Qc1+ 79. Kh5 Qc5+ 80. Kg4 Qg1+ 81. Qg3 Qd1+ 82. Kg5 Qd5+ 83. Kh6 Qh1+ 84. Kg6 Qe4+ 85. Kg5 Qd5+ 86. Kh4 Qg8 87. Qf4+ Ka5 1-0

[Event "Tula Region-ch"]
[Site "Tula"]
[Date "2014.03.17"]
[Round "7"]
[White "Dikarev, Oleg"]
[Black "Naidenov, Ilia"]
[Result "1-0"]
[WhiteElo "2134"]
[BlackElo "1889"]
[PlyCount "51"]
[EventDate "2014.03.11"]
[EventType "swiss"]
[EventRounds "9"]
[EventCountry "RUS"]
[SourceTitle "CBM 159 Extra"]
[Source "ChessBase"]
[SourceDate "2014.04.24"]
[SourceVersion "1"]
[SourceVersionDate "2014.04.24"]
[SourceQuality "1"]

1. g3 d5 2. Bg2 Nf6 3. d3 Bf5 4. Nf3 e6 5. 0-0 Bd6 6. Nc3 Nbd7 7. Nh4 Bg6 8. e4 dxe4 9. dxe4 Be5 10. Nxg6 hxg6 11. Ne2 Bd6 12. Bg5 Rh5 13. Qd2 Nxe4 14. Bxe4 Qxg5 15. f4 Qh6 16. h4 Bc5+ 17. Kg2 c6 18. b4 Bb6 19. c4 a5 20. b5 Nf6 21. bxc6 Nxe4 22. Qd7+ Kf8 23. cxb7 Rd8 24. Qxd8+ Bxd8 25. b8Q Ke8 26. Rad1 1-0

[Event "Tula Region-ch"]
[Site "Tula"]
[Date "2014.03.15"]
[Round "5"]
[White "Ponomarenko, Viktor"]
[Black "Dikarev, Oleg"]
[Result "1-0"]
[WhiteElo "2235"]
[BlackElo "2134"]
[PlyCount "93"]
[EventDate "2014.03.11"]
[EventType "swiss"]
[EventRounds "9"]
[EventCountry "RUS"]
[SourceTitle "CBM 159 Extra"]
[Source "ChessBase"]
[SourceDate "2014.04.24"]
[SourceVersion "1"]
[SourceVersionDate "2014.04.24"]
[SourceQuality "1"]

1. d4 d6 2. Nf3 g6 3. c4 Bg7 4. Nc3 Nd7 5. g3 e5 6. Bg2 f5 7. e4 Ngf6 8. dxe5 dxe5 9. 0-0 0-0 10. Re1 c6 11. Qc2 Nh5 12. b3 f4 13. Ba3 Re8 14. Rad1 h6 15. Bd6 Bf6 16. Bh3 Qa5 17. b4 Qa6 18. b5 Qa5 19. Bxd7 Bxd7 20. Bxe5 Bg4 21. Bxf6 Nxf6 22. e5 Bf5 23. Qb3 Nd7 24. Ne4 Bxe4 25. Rxe4 Nc5 26. Qc2 Nxe4 27. Qxe4 Qc7 28. Qxg6+ Qg7 29. Qe4 fxg3 30. hxg3 Re6 31. Kg2 Rf8 32. Qe3 cxb5 33. cxb5 a6 34. a4 axb5 35. axb5 Rfe8 36. Rd4 Qg6 37. Qc3 R8e7 38. Qc4 Kh7 39. Nh4 Qb1 40. Rd8 h5 41. Qf4 Rxe5 42. Qf8 Qe4+ 43. Kh2 Re8 44. Qf7+ Kh6 45. Rd7 R8e7 46. Rxe7 Rxe7 47. Qxe7 1-0

[Event "Tula Region-ch"]
[Site "Tula"]
[Date "2014.03.13"]
[Round "3"]
[White "Sadovsky, Artem"]
[Black "Dikarev, Oleg"]
[Result "1/2-1/2"]
[WhiteElo "2268"]
[BlackElo "2134"]
[PlyCount "102"]
[EventDate "2014.03.11"]
[EventType "swiss"]
[EventRounds "9"]
[EventCountry "RUS"]
[SourceTitle "CBM 159 Extra"]
[Source "ChessBase"]
[SourceDate "2014.04.24"]
[SourceVersion "1"]
[SourceVersionDate "2014.04.24"]
[SourceQuality "1"]

1. e4 e5 2. Nf3 Nc6 3. Bb5 a6 4. Ba4 Nf6 5. 0-0 Be7 6. Re1 b5 7. Bb3 d6 8. c3 0-0 9. h3 Na5 10. Bc2 c5 11. d4 Qc7 12. a4 Bd7 13. axb5 axb5 14. Nbd2 Rfc8 15. dxe5 dxe5 16. Nf1 Rd8 17. Qe2 c4 18. Bg5 Be6 19. Ne3 h6 20. Bxf6 Bxf6 21. Nd5 Bxd5 22. exd5 Nb7 23. Rxa8 Rxa8 24. Qe4 g6 25. d6 Qb6 26. Qd5 Re8 27. Bxg6 Nxd6 28. Nd4 Kf8 29. Nf5 Re6 30. Ra1 Nxf5 31. Ra8+ Kg7 32. Bxf5 Rd6 33. Qf3 Rd8 34. Bc8 Qd6 35. Qg3+ Kf8 36. Ra6 Qd1+ 37. Kh2 Bg7 38. Bg4 Qd5 39. Qe3 e4 40. Qb6 Kg8 41. Ra5 Qe5+ 42. g3 Rb8 43. Qa7 Rd8 44. Qb6 Rb8 45. Qc6 e3 46. Ra8 exf2 47. Kg2 f1Q+ 48. Kxf1 Qxg3 49. Rxb8+ Qxb8 50. Qc8+ Qxc8 51. Bxc8 b4 1/2-1/2

[Event "Tula Region-ch"]
[Site "Tula"]
[Date "2014.03.11"]
[Round "1"]
[White "Dikarev, Oleg"]
[Black "Nozdrachev, Leonid"]
[Result "0-1"]
[WhiteElo "2134"]
[BlackElo "2420"]
[PlyCount "46"]
[EventDate "2014.03.11"]
[EventType "swiss"]
[EventRounds "9"]
[EventCountry "RUS"]
[SourceTitle "CBM 159 Extra"]
[Source "ChessBase"]
[SourceDate "2014.04.24"]
[SourceVersion "1"]
[SourceVersionDate "2014.04.24"]
[SourceQuality "1"]

1. e4 c5 2. Nf3 d6 3. d4 cxd4 4. Nxd4 Nf6 5. Nc3 a6 6. Be3 e5 7. Nb3 Be6 8. Be2 Be7 9. 0-0 0-0 10. f4 exf4 11. Bxf4 Nc6 12. Kh1 Re8 13. Qe1 Ne5 14. Nd4 Qb6 15. Nxe6 fxe6 16. Rb1 Nfd7 17. Qg3 Bf6 18. Rfd1 Rac8 19. a3 Qd8 20. Rf1 Nb6 21. Rbd1 Qe7 22. h3 Red8 23. Bc1 Nbc4 0-1

[Event "Tula Region-ch"]
[Site "Tula"]
[Date "2013.10.28"]
[Round "9"]
[White "Dikarev, Oleg"]
[Black "Tuzinskiy, Denis Vasilievich"]
[Result "1/2-1/2"]
[WhiteElo "2123"]
[BlackElo "2199"]
[PlyCount "55"]
[EventDate "2013.10.20"]
[EventType "tourn"]
[EventRounds "9"]
[EventCountry "RUS"]
[SourceTitle "EXT 2014"]
[Source "ChessBase"]
[SourceDate "2013.11.20"]
[SourceVersion "1"]
[SourceVersionDate "2013.11.20"]
[SourceQuality "1"]

1. e4 c5 2. Nf3 Nc6 3. d4 cxd4 4. Nxd4 Nf6 5. Nc3 e5 6. Ndb5 d6 7. Bg5 a6 8. Na3 b5 9. Nd5 Be7 10. Bxf6 Bxf6 11. c3 0-0 12. Nc2 Bg5 13. a4 bxa4 14. Rxa4 a5 15. Bc4 Rb8 16. b3 Kh8 17. Nce3 g6 18. 0-0 f5 19. Qd3 f4 20. Nc2 f3 21. g3 Qd7 22. Rd1 Qh3 23. Nde3 Bxe3 24. Nxe3 Rf6 25. Qf1 Qh5 26. Nd5 Rf8 27. Ne3 Rf6 28. Nd5 1/2-1/2

[Event "Tula Region-ch"]
[Site "Tula"]
[Date "2013.10.27"]
[Round "8"]
[White "Novikov, Konstantin"]
[Black "Dikarev, Oleg"]
[Result "0-1"]
[WhiteElo "2050"]
[BlackElo "2123"]
[PlyCount "124"]
[EventDate "2013.10.20"]
[EventType "tourn"]
[EventRounds "9"]
[EventCountry "RUS"]
[SourceTitle "EXT 2014"]
[Source "ChessBase"]
[SourceDate "2013.11.20"]
[SourceVersion "1"]
[SourceVersionDate "2013.11.20"]
[SourceQuality "1"]

1. e4 e5 2. Nf3 Nc6 3. Bb5 a6 4. Ba4 Nf6 5. 0-0 Be7 6. Re1 b5 7. Bb3 d6 8. c3 0-0 9. d4 Bg4 10. Be3 Qd7 11. Bd5 Nxd5 12. exd5 Na5 13. Nbd2 Qf5 14. dxe5 dxe5 15. b4 Bxf3 16. Qxf3 Qxf3 17. gxf3 Nb7 18. Bf4 f6 19. Bg3 Rad8 20. f4 Rxd5 21. Nb3 Bd6 22. fxe5 Bxe5 23. Bxe5 fxe5 24. a4 Nd6 25. axb5 axb5 26. Ra7 Rc8 27. Nc5 Kf7 28. Kg2 Kf6 29. Na6 Ne8 30. Rb7 h5 31. Re3 g6 32. Rf3+ Ke7 33. Rg3 Kf6 34. Re3 h4 35. Nc5 Nd6 36. Ne4+ Nxe4 37. Rxe4 g5 38. c4 bxc4 39. Rxc4 Rd4 40. Rc6+ Kf5 41. b5 Rd6 42. Rc3 Ke4 43. b6 c5 44. Rg7 Rxb6 45. Rxg5 Kd4 46. Rc1 c4 47. Rg4+ Kd3 48. Rxh4 Rg6+ 49. Kf1 c3 50. Rd1+ Kc2 51. Ke2 Rb6 52. Ra4 Kb2 53. Rda1 c2 54. R4a2+ Kc3 55. Rc1 Kb3 56. Raa1 Kb2 57. h4 Rh6 58. Kf3 Rxh4 59. Re1 Rc3+ 60. Kg2 Rg4+ 61. Kh2 Rc8 62. Kh3 Rg7 0-1

[Event "Tula Region-ch"]
[Site "Tula"]
[Date "2013.10.21"]
[Round "2"]
[White "Obolentseva, Alexandra"]
[Black "Dikarev, Oleg"]
[Result "1/2-1/2"]
[WhiteElo "2000"]
[BlackElo "2123"]
[PlyCount "115"]
[EventDate "2013.10.20"]
[EventType "tourn"]
[EventRounds "9"]
[EventCountry "RUS"]
[SourceTitle "EXT 2014"]
[Source "ChessBase"]
[SourceDate "2013.11.20"]
[SourceVersion "1"]
[SourceVersionDate "2013.11.20"]
[SourceQuality "1"]

1. d4 d6 2. Nf3 Nf6 3. c4 g6 4. Nc3 Bg7 5. e4 0-0 6. Be2 e5 7. 0-0 Nc6 8. d5 Ne7 9. b4 Nd7 10. a4 h6 11. Ba3 a5 12. bxa5 Rxa5 13. Bb4 Ra8 14. a5 f5 15. Bd3 Nf6 16. Re1 fxe4 17. Nxe4 Bg4 18. Nxf6+ Rxf6 19. Be4 Rf7 20. Ra2 Nf5 21. h3 Bxf3 22. Qxf3 Qg5 23. Qg4 Qf6 24. c5 h5 25. Qf3 Qg5 26. Bxf5 Rxf5 27. Qe3 Qxe3 28. fxe3 e4 29. c6 bxc6 30. dxc6 Rb5 31. Ra4 Ra6 32. Rc1 Be5 33. Kf2 Kf7 34. Rc4 d5 35. Rc1 Ke6 36. Ke2 Bd6 37. Bd2 Rc5 38. Rb1 Rcxc6 39. Rb8 Ra7 40. Ra1 Rca6 41. Rf1 Ra8 42. Rbb1 Be5 43. Rb5 R6a7 44. Rc1 Ra6 45. Rbc5 R8a7 46. Rb1 Bd6 47. Rcc1 c5 48. Rb5 c4 49. Bc3 Bc7 50. Rf1 Be5 51. Bxe5 Kxe5 52. Rd1 Rd6 53. Kd2 Rf7 54. Kc3 Rf2 55. Ra1 Ra6 56. Rd1 Rd6 57. Ra1 Ra6 58. Rd1 1/2-1/2

[Event "Voronezh op-B 17th"]
[Site "Voronezh"]
[Date "2013.06.19"]
[Round "8"]
[White "Dikarev, Oleg"]
[Black "Denishev, Marat"]
[Result "1-0"]
[WhiteElo "2123"]
[BlackElo "2210"]
[PlyCount "70"]
[EventDate "2013.06.12"]
[EventType "swiss"]
[EventRounds "9"]
[EventCountry "RUS"]
[SourceTitle "EXT 2014"]
[Source "ChessBase"]
[SourceDate "2013.11.20"]
[SourceVersion "1"]
[SourceVersionDate "2013.11.20"]
[SourceQuality "1"]

1. e4 c5 2. Nf3 e6 3. c4 Nc6 4. Nc3 d6 5. Be2 Nf6 6. 0-0 Be7 7. d4 cxd4 8. Nxd4 0-0 9. Be3 Bd7 10. Qd2 Nxd4 11. Bxd4 Bc6 12. f3 Re8 13. Rfd1 Nd7 14. Kh1 Ne5 15. Qe3 Qb8 16. b4 Ng6 17. Qf2 Bd8 18. g3 b6 19. a4 f5 20. exf5 exf5 21. Nd5 Qb7 22. Bb2 f4 23. Bd3 Bxd5 24. cxd5 fxg3 25. hxg3 Ne5 26. Bb5 Bf6 27. Bxe8 Rxe8 28. Rac1 Qd7 29. Kg2 Qxa4 30. Bxe5 Bxe5 31. Re1 Qxb4 32. f4 Rf8 33. Qe3 Bf6 34. Qe6+ Kh8 35. Rc8 Qd2+ 1-0

[Event "Voronezh op-B 17th"]
[Site "Voronezh"]
[Date "2013.06.15"]
[Round "4"]
[White "Dikarev, Oleg"]
[Black "Soboleva, Anastasia"]
[Result "1/2-1/2"]
[WhiteElo "2123"]
[BlackElo "1940"]
[PlyCount "80"]
[EventDate "2013.06.12"]
[EventType "swiss"]
[EventRounds "9"]
[EventCountry "RUS"]
[SourceTitle "EXT 2014"]
[Source "ChessBase"]
[SourceDate "2013.11.20"]
[SourceVersion "1"]
[SourceVersionDate "2013.11.20"]
[SourceQuality "1"]

1. e4 c5 2. Nf3 e6 3. c4 Nc6 4. Nc3 Nf6 5. Be2 Be7 6. 0-0 d5 7. exd5 exd5 8. d4 0-0 9. Be3 cxd4 10. Nxd4 Ne5 11. Qb3 dxc4 12. Bxc4 Nxc4 13. Qxc4 Bd7 14. Rad1 Rc8 15. Qb3 Qa5 16. a3 Qh5 17. Bf4 b6 18. Ncb5 Nd5 19. Bg3 a6 20. Na7 Rc5 21. Nac6 Bxc6 22. Nxc6 Rxc6 23. Rxd5 Qh6 24. Qd3 b5 25. Be5 Rc1 26. h3 Rfc8 27. Rxc1 Qxc1+ 28. Kh2 Bf6 29. Qg3 Bxe5 30. Qxe5 h6 31. Rd7 Qc5 32. Rd8+ Kh7 33. Qe4+ g6 34. Rxc8 Qxc8 35. Qe7 Qf5 36. Qe3 Kg7 37. b4 Qf6 38. g3 Qc6 39. Qe5+ Qf6 40. Qe3 Qc6 1/2-1/2

[Event "Russia Central-ch"]
[Site "Pushchino"]
[Date "2013.03.23"]
[Round "8"]
[White "Dikarev, Oleg"]
[Black "Arbuzov, Ivan"]
[Result "0-1"]
[WhiteElo "2087"]
[BlackElo "2180"]
[PlyCount "170"]
[EventDate "2013.03.16"]
[EventType "swiss"]
[EventRounds "9"]
[EventCountry "RUS"]
[SourceTitle "EXT 2014"]
[Source "ChessBase"]
[SourceDate "2013.11.20"]
[SourceVersion "1"]
[SourceVersionDate "2013.11.20"]
[SourceQuality "1"]

1. e4 e6 2. d4 d5 3. e5 c5 4. c3 Qb6 5. Nf3 Nc6 6. a3 Bd7 7. b4 cxd4 8. cxd4 Rc8 9. Be3 Nh6 10. Bd3 Ng4 11. 0-0 Be7 12. Nbd2 Nxe3 13. fxe3 Nd8 14. Qe2 Rc3 15. Rfc1 Rxc1+ 16. Rxc1 a5 17. bxa5 Qxa5 18. Ra1 Qc3 19. Ra2 0-0 20. Nb1 Qa5 21. Qc2 h6 22. Qc3 Nc6 23. e4 Ra8 24. Qxa5 Rxa5 25. Rb2 Bc8 26. exd5 exd5 27. Kf1 Bxa3 28. Nxa3 Rxa3 29. Ke2 g5 30. h3 g4 31. hxg4 Bxg4 32. Ke3 Bf5 33. Ne1 Bxd3 34. Nxd3 Ra4 35. Rxb7 Rxd4 36. Rb6 Re4+ 37. Kf2 Nxe5 38. Nxe5 Rxe5 39. Rxh6 Kf8 40. Kf3 Ke7 41. Ra6 Re6 42. Ra7+ Kf6 43. Rd7 Re5 44. Rd6+ Ke7 45. Ra6 Re4 46. Rb6 f6 47. Ra6 Re6 48. Ra7+ Kd6 49. Ra6+ Ke5 50. Ra5 Rb6 51. Ra3 Rb1 52. g3 Rc1 53. Rb3 Rc5 54. Ra3 d4 55. Ra8 Rc3+ 56. Kf2 Rc6 57. Kf3 Rd6 58. Ke2 d3+ 59. Kd2 Ke4 60. Re8+ Kf3 61. Rg8 Rd5 62. Rf8 Rf5 63. Rg8 Rg5 64. Rf8 f5 65. Kxd3 Kxg3 66. Ke3 Kg4 67. Ra8 Rg7 68. Kf2 Rb7 69. Ra4+ f4 70. Ra8 Rb2+ 71. Kg1 Kg3 72. Rg8+ Kf3 73. Rf8 Rb1+ 74. Kh2 Rf1 75. Rf7 Ke2 76. Ra7 Rd1 77. Re7+ Kf2 78. Ra7 Rd2 79. Ra6 f3 80. Kh3 Ke2 81. Kg3 f2 82. Re6+ Kf1 83. Kh2 Rd1 84. Rh6 Re1 85. Rf6 Ke2 0-1

[Event "Russia Central-ch"]
[Site "Pushchino"]
[Date "2013.03.19"]
[Round "4"]
[White "Dikarev, Oleg"]
[Black "Pecheritsa, Vitaly"]
[Result "0-1"]
[WhiteElo "2087"]
[BlackElo "2316"]
[PlyCount "60"]
[EventDate "2013.03.16"]
[EventType "swiss"]
[EventRounds "9"]
[EventCountry "RUS"]
[SourceTitle "EXT 2014"]
[Source "ChessBase"]
[SourceDate "2013.11.20"]
[SourceVersion "1"]
[SourceVersionDate "2013.11.20"]
[SourceQuality "1"]

1. e4 c5 2. Nf3 a6 3. d4 cxd4 4. Nxd4 Nf6 5. Nc3 e5 6. Nf3 Bb4 7. Bc4 0-0 8. Bg5 h6 9. Bxf6 Bxc3+ 10. bxc3 Qxf6 11. 0-0 d6 12. Bd5 Nd7 13. Rb1 Rb8 14. Nd2 b5 15. c4 Nb6 16. cxb5 Nxd5 17. exd5 Rxb5 18. Rxb5 axb5 19. c4 bxc4 20. Nxc4 Bb7 21. Nb6 Qf4 22. Qd3 e4 23. Qc4 Re8 24. a4 Qd2 25. Qb5 Re7 26. a5 Qd3 27. Qb1 Ba6 28. Rd1 Qe2 29. Re1 Qd2 30. h3 Qxa5 0-1

[Event "Tula CC-ch"]
[Site "Tula"]
[Date "2007.12.19"]
[Round "4"]
[White "Dikarev, Oleg"]
[Black "Manaenkov, Vladimir Nikolaevic"]
[Result "0-1"]
[WhiteElo "2003"]
[BlackElo "2211"]
[PlyCount "88"]
[EventDate "2007.12.08"]
[EventType "swiss"]
[EventRounds "9"]
[EventCountry "RUS"]
[SourceTitle "CBM 122 Extra"]
[Source "ChessBase"]
[SourceDate "2008.03.04"]
[SourceVersion "1"]
[SourceVersionDate "2008.03.04"]
[SourceQuality "1"]

1. e4 c5 2. Nc3 Nc6 3. g3 g6 4. Bg2 Bg7 5. d3 d6 6. Nge2 Nd4 7. Be3 Rb8 8. a4 Bg4 9. Ra2 Qd7 10. 0-0 h5 11. f3 Be6 12. Ra1 h4 13. Bf2 hxg3 14. Bxg3 Bh3 15. Nf4 Bxg2 16. Nxg2 Nf6 17. Kf2 Nh5 18. Rc1 Bh6 19. Ra1 Qh3 20. Ne2 e5 21. Ng1 Qd7 22. Ne2 f5 23. Nxd4 cxd4 24. Ke2 0-0 25. c3 dxc3 26. bxc3 Kh7 27. Rh1 Rbe8 28. Qc2 d5 29. Rad1 d4 30. c4 fxe4 31. dxe4 Qh3 32. Rdg1 Rf7 33. Ne1 Be3 34. Rg2 Ref8 35. Kd1 Bf4 36. Rhg1 Qe6 37. Qd3 Rc8 38. Rc2 Rfc7 39. Qb3 b6 40. Nd3 Rxc4 41. Bxf4 Nxf4 42. Nxf4 exf4 43. Rg4 d3 44. Qxd3 Rxc2 0-1

[Event "Tula CC-ch"]
[Site "Tula"]
[Date "2007.12.11"]
[Round "2"]
[White "Krivobokov, Sergei"]
[Black "Dikarev, Oleg"]
[Result "1-0"]
[WhiteElo "2142"]
[BlackElo "2003"]
[PlyCount "61"]
[EventDate "2007.12.08"]
[EventType "swiss"]
[EventRounds "9"]
[EventCountry "RUS"]
[SourceTitle "CBM 122 Extra"]
[Source "ChessBase"]
[SourceDate "2008.03.04"]
[SourceVersion "1"]
[SourceVersionDate "2008.03.04"]
[SourceQuality "1"]

1. e4 e5 2. Nc3 Nc6 3. Bc4 Nf6 4. d3 Bc5 5. f4 exf4 6. Bxf4 d6 7. Nf3 Be6 8. Bb5 Bd7 9. Bg5 h6 10. Bh4 g5 11. Bg3 a6 12. Bc4 Be6 13. Bxe6 fxe6 14. d4 Bb6 15. d5 exd5 16. Nxd5 Nxd5 17. Qxd5 Qe7 18. 0-0-0 0-0-0 19. Rhe1 Rhe8 20. Kb1 Ne5 21. Nxe5 dxe5 22. Qb3 Rd6 23. Rd5 Red8 24. Red1 Kb8 25. c3 Be3 26. h3 h5 27. Rxd6 Rxd6 28. Rd5 Rxd5 29. Qxd5 Bf4 30. Bf2 h4 31. Qg8+ 1-0

[Event "Tula CC-ch"]
[Site "Tula"]
[Date "2006.09.22"]
[Round "3"]
[White "Dikarev, Oleg"]
[Black "Salahutdinov, Sergei"]
[Result "0-1"]
[WhiteElo "1999"]
[BlackElo "2093"]
[PlyCount "60"]
[EventDate "2006.09.19"]
[EventType "swiss"]
[EventRounds "9"]
[EventCountry "RUS"]
[SourceTitle "EXT 2010"]
[Source "ChessBase"]
[SourceDate "2010.11.25"]
[SourceVersion "1"]
[SourceVersionDate "2010.11.25"]
[SourceQuality "1"]

1. e4 e6 2. d4 d5 3. exd5 exd5 4. Nf3 Bg4 5. Be2 Nc6 6. Be3 Bd6 7. h3 Bf5 8. Bd3 Nge7 9. a3 Qd7 10. Nc3 f6 11. Qd2 Be6 12. Qe2 a6 13. 0-0-0 b5 14. Na2 Na5 15. Rhe1 Bf7 16. Kb1 0-0 17. g4 Nc4 18. Bc1 Rfe8 19. Qf1 a5 20. g5 f5 21. Ne5 Bxe5 22. dxe5 Qe6 23. f4 Reb8 24. b3 Nb6 25. Bxb5 a4 26. Bb2 axb3 27. cxb3 c6 28. Bd3 c5 29. Be2 d4 30. Qf2 Ned5 0-1